| 000 | 03388nam0a2200421 4500 | ||
|---|---|---|---|
| 001 | RU\NLR\BIBL_A\022614495 | ||
| 005 | 20251217133557.0 | ||
| 010 |
_a978-5-498-01121-9 _9500 |
||
| 021 |
_aRU _bКН-П-25-041280 _9КН-П-25-4019 |
||
| 035 | _a(NLR Aleph) 022614495 | ||
| 090 |
_a13506405 _c13506405 |
||
| 100 | _a20250904d2024 k y0rusy50 ca | ||
| 101 | 0 |
_arus _akom |
|
| 102 | _aRU | ||
| 105 | _ay z 110yy | ||
| 181 | 0 |
_ai4 _baxxe |
|
| 182 | 0 | _an | |
| 200 | 1 |
_aИзучение художественного опыта литератур финно-угорских народов _eсборник статей по итогам Всероссийского симпозиума, посвященного юбилеям коми литературоведов А.Е. Ванеева, И.М. Ванеевой, В.Н. Демина, В.А. Латышевой, В.И. Мартынова (Сыктывкар, 19-20 октября 2023 г.) _fМинистерство национальной политики Республики Коми, Министерство науки и высшего образования Российской Федерации, Федеральный исследовательский центр "Коми научный центр", Институт языка, литературы и истории Коми НЦ УрО РАН _gредакционная коллегия: Т. Л. Кузнецова (отв. редактор) [и др.] |
|
| 203 |
_aТекст _bвизуальный _cнепосредственный |
||
| 210 |
_aСыктывкар _cИнститут языка, литературы и истории Коми НЦ УрО РАН _d2024 |
||
| 215 |
_a191 с. _d20 |
||
| 300 | _aЧасть текста на коми-зырян. яз. | ||
| 320 | _aБиблиогр. в конце ст. | ||
| 606 | 1 |
_aФинно-угорская филология _jСъезды, совещания и т.п _2nlr_sh1 _2nlr_sh2 _3RU\NLR\AUTH\66194114 |
|
| 686 | 1 | _aШ066я431 | |
| 702 | 1 |
_aКузнецова _bТ. Л. _cканд. филол. наук _f1959- _gТатьяна Леонидовна _3RU\NLR\AUTH\7717878 _4340 |
|
| 702 | 1 |
_aВанеев _bА. Е. _f1933-2001 _gАльберт Егорович _3RU\NLR\auth-onl\7721 _4570 |
|
| 702 | 1 |
_aВанеева _bИ. М. _f1933-2010 _gИрина Михайловна _4570 |
|
| 702 | 1 |
_aДемин _bВ. Н. _cд-р филол. наук _f1938-1999 _gВладимир Николаевич _3RU\NLR\AUTH\7719568 _4570 |
|
| 702 | 1 |
_aЛатышева _bВ. А. _f1933- _gВера Алексеевна _3RU\NLR\auth-onl\7750 _4570 |
|
| 702 | 1 |
_aМартынов _bВ. И. _cканд. филол. наук _f1933-2015 _gВалерий Иванович _3RU\NLR\AUTH\7718250 _4570 |
|
| 711 | 1 | 2 |
_a"Изучение художественного опыта литератур финно-угорских народов: тенденции, проблемы, перспективы", всероссийский симпозиум _f2023 _eСыктывкар _3RU\NLR\AUTH\880630677 |
| 712 | 0 | 1 |
_aРеспублика Коми _bМинистерство национальной политики _3RU\NLR\AUTH\8810133417 _4557 |
| 942 | _cBOOK | ||
| 980 | _aNB | ||